00287 a2200109 450000100060000008200140000610000330002024500480005326000430010130000100014450000230015490326 a297.4 RAF aRafiq Ahmed Akhtar Professor aSar e Raah e GahycAhmed Rafiq AkhtarhUrdu aLahorebSang e Meel Publicationsc2013 a304p. aGeneral Collection